000 00438nam a2200181Ia 4500
999 _c11272
_d11272
003 0100
005 20170530091830.0
008 130303s9999 xx 000 0 und d
020 _a804701474
040 _cARRUPELIB
050 _aDT444.T3 1963
100 _aTaylor, James Clagett
_931647
245 4 _aThe political development of Tanganyika
260 _bStanford University Press
_aStanford
_c1963
300 _a254p.
300 _b 23cm.
650 _aTanzania
_xPolitics
_913430
942 _2lcc
_cMONOGRAPH